| 000 | 01260cam a2200265 4500 | ||
|---|---|---|---|
| 001 | ABS67823 | ||
| 008 | 040602n2004 000 0 eng u | ||
| 035 | _a(Sirsi) u126368 | ||
| 100 | _aCastorina, G. | ||
| 245 | _aRegeneration of compulsory purchase | ||
| 260 | _c2004 | ||
| 490 |
_aEstates Gazette _v(420) 15 May 2004, 158-160(3) |
||
| 520 | _aAssesses the compulsory purchase proposals in the Planning and Compulsory Purchase Bill. Reviews the key changes under the Bill: amendment to powers under the Town and Country Planning Act 1990 s266; the extension of the category of persons entitled to be treated as statutory objectors; and the powers to confirm a compulsory purchase order in stages. Objections may be dealt with by written representations and unopposed orders may be confirmed by the acquiring authority. | ||
| 590 | _aABS | ||
| 590 | _aABS | ||
| 650 | _aPLANNING AND COMPULSORY PURCHASE ACT 2004 | ||
| 650 | _aCOMPULSORY ACQUISITION | ||
| 650 | _aPLANNING AND COMPULSORY PURCHASE ACT 2004 | ||
| 650 | _aTOWN AND COUNTRY PLANNING ACT 1990 S266 | ||
| 650 | _aSTATUTORY OBJECTOR | ||
| 650 | _aCOMPULSORY PURCHASE ORDERS | ||
| 650 | _aWRITTEN REPRESENTATIONS | ||
| 690 | _aCOMPULSORY PURCHASE AND COMPENSATION | ||
| 942 | _n0 | ||
| 999 |
_c117439 _d117439 |
||